| 000 | 04227cam a22005174i 4500 | ||
|---|---|---|---|
| 003 | PE-LiUPU | ||
| 005 | 20250731172901.0 | ||
| 008 | 170109s2016 xxu 0rb 001 0 eng d | ||
| 020 | _a0567666174 | ||
| 020 | _a9780567666178 | ||
| 035 | _a(Sirsi) a165913 | ||
| 040 |
_aPE-LiUPU _bspa _cPE-LiUPU _erda |
||
| 049 | _aPRUA | ||
| 082 | 0 | 4 |
_a229.913 _bN4 _223 |
| 245 | 0 | 0 |
_aNew vistas on early Judaism and Christianity : _bfrom Enoch to Montreal and back / _cedited by Lorenzo DiTommaso and Gerbern S. Oegema. |
| 264 | 1 |
_aLondon ; _aNew York : _bBloomsbury T&T Clark, an imprint of Bloomsbury Publishing PIc, _c2016. |
|
| 300 |
_axxxiii, 409 pages ; _c24 centimetros. |
||
| 336 |
_atext _2rdacontent |
||
| 337 |
_aunmediated _2rdamedia |
||
| 338 |
_avolume _2rdacarrier |
||
| 490 | 1 |
_aJewish and Christian texts in contexts and related studies ; _v22 |
|
| 504 | _aBibliografía :páginas final de cada capítulo. | ||
| 504 | _aÍndices: páginas 384-409. | ||
| 505 | 0 |
_aThe Old Testament Pseudepigrapha - thirty years later / _rJames Hamilton Charlesworth -- _t1 Enoch 1: a comparison of two translations / _rLoren T. Stuckenbruck -- _tIron Age heroes and Enochic giants / _rKyle Roark -- _t4QEnc (4Q204) column I: a new reconstruction / _rBronson Brown-de Vost -- _tBulls, cows, and the tragic fate of the females at the Eschaton: a gender reading of the Animal Apocalypse in 1 Enoch 85-90 / _rZhenya Gurina-Rodriguez -- _tConfined by mountains of metal: the translation problem in 1 Enoch 67:4 / _rRaul Vitor Rodrigues Peixoto -- _tCompositional technique in the temple scroll: creative interpretation and integrative interpretation in the Passover legislation / _rJames Nati -- _tHellish rhetoric: the pedagogical function of the underworld in 4Q184 / _rRoss P. Ponder -- _tThe transmission of Jubilees: reevaluating the textual basis / _rMatthew Phillip Monger -- _tMending the fractures of Genesis: strategies of harmonization in the book of Jubilees / _rBrett E. Maiden -- _tPtolemaic sovereignty and the political unconscious of 3 Maccabees: Philopator's decree (2:28-30) in light of late Ptolemaic asylia inscriptions / _rG. Anthony Keddie -- _tBelial in the Dead Sea scrolls: from worthless to stumbling block to archenemy / _rFrancis Daoust -- _tFlatterers, whisperers, and other hypocrites: new denominations for sinners in the writings of the Second Temple period / _rPatrick Pouchelle -- _tEzra's continuity in 4 Ezra / _rJason Ford -- _tInterpretations of Abraham's circumcision in early Christianity and Genesis Rabah / _rMalka Z. Simkovich -- _tRedemption from the ashes: repositioning atonement and sacrifice in early Christian and rabbinic thought / _rAndrew W. Higginbotham -- _tInside the parables: inside and outside in the Apocryphon of James and in the first in-parables speech of Mark / _rAntoine Paris -- _tThe evolution of the figure of Nimrod through the lens of rabbinic literature / _rApolline Thromas -- _tJewish apocalyptic and mystical background in the Gospel of Judas / _rSerge Cazelais -- _tSatan at the sacrifices of Isaac and Jesus / _rGavin McDowell -- _tWhat are scholars saying about Gnosticism? / _rAndré Gagné. |
|
| 526 | _aSEG42 | ||
| 526 | _aSEG41 | ||
| 526 | _aSEG40 | ||
| 526 | _aSEG39 | ||
| 526 | _aP94 | ||
| 526 | _aP87 | ||
| 526 | _aP86 | ||
| 526 | _aP85 | ||
| 526 | _aP77 | ||
| 526 | _aP76 | ||
| 526 | _aP35 | ||
| 650 | 0 | 7 |
_aHistoria de la iglesia _xIglesia primitiva y primitiva. _2fast _0(OCoLC)fst01710945 |
| 650 | 0 | 7 |
_aEl cristianismo primitivo. _0(DE-588)4129954-1 _2gnd |
| 650 | 0 | 7 |
_aHelenístico-judía literatura. _0(DE-588)4159526-9 _2gnd |
| 650 | 0 | 7 |
_aJudaísmo _periodo xPost-exilio(Judaísmo) _2fast _0(OCoLC)fst01907049 _91492 |
| 910 |
_ajck _bjvq _cjck _d20170109 |
||
| 942 |
_2ddc _cBOOK |
||
| 949 |
_a229.913 N4 _wDEWEY _c1 _i75508 _lCATALOGING _mBUL _p00.00 _r0 _sY _tBOOK _u2017-01-09 _xTEOLOGIA _zPOSGRADO TEOLOGÍA _0COMPRA _o.CIRCNOTE. El documento es de alto precio. _o.STAFF. Colección Teología |
||
| 596 | _a1 | ||
| 999 |
_a229.913 N4 _wLC _c14649 _i75508 _d14649 _e2017-5-14 _f2021-11-9 _g5 _lCCODEBUL1 _mBUL _n1 _p128.00 _q1 _r0 _sY _tBOOK _u2017-1-9 _xTEOLOGIA _PP85 _0COMPRA _o.STAFF. Colección Teología |
||
| 980 |
_81 _gALBERTO SANCHEZ Responsable de Automatización |
||